000 00494cam a2200181ua 4500
020 _a0-201-10299-4
041 _aeng
_h
082 _a621.3
_bCAR/EL
100 _aCarlson, Bruce A .
245 _aElectrical engineering: Concepts and applications /
_cBruce A Carlson.
_hTextual Documents
250 _a1 /
_b.
260 _aLondon :
_bAddison-Wesley Publishing Company ,
_c1981.
300 _a765 ; .
504 _a
700 1 _aGisser, David G .
942 _cBK
999 _c9688
_d9688